| 000 | 00562nam a22001937a 4500 | ||
|---|---|---|---|
| 003 | LK-CoMWRAF | ||
| 005 | 20231017120451.0 | ||
| 008 | 231017b |||||||| |||| 00| 0 eng d | ||
| 020 | _a0671213326 | ||
| 040 |
_aLK-CoMWRAF _dLK-CoMWRAF _eLK-CoMWRAF |
||
| 041 | _aeng | ||
| 082 |
_a808.23 _bEGR |
||
| 100 | _aEgri, Lajos | ||
| 245 |
_aThe Art of dramatic writing : _bIts basis in the creative interpretation of human motives |
||
| 260 |
_aNew York : _bSimon & Schuster, _c1960 |
||
| 300 | _axx, 316 p. ; 22cm. | ||
| 650 | _aDrama -- Technique | ||
| 942 | _cBK | ||
| 999 |
_c3905 _d3905 |
||